[Event "Aeroflot Open 2017"]
[Site "Moscow"]
[Date "2017.02.28"]
[Round "8"]
[White "Alekseenko, Kirill"]
[Black "Svane, Rasmus"]
[Result "1/2-1/2"]
[WhiteElo "2588"]
[BlackElo "2570"]
[Annotator "TA"]
[PlyCount "101"]
[EventDate "2017.??.??"]

1. e4 e6 2. d4 d5 3. Nc3 Nf6 4. e5 Nfd7 5. f4 c5 6. Nf3 Nc6 7. Be3 Be7 8. Qd2
a6 9. a3 O-O 10. dxc5 Nxc5 11. Qf2 {LiveBook: 6 Games} b6 12. b4 f6 13. bxc5 {
White is slightly better.} bxc5 14. Bxc5 Qa5 15. Bd4 $1 fxe5 16. Nxe5 (16. fxe5
Bc5 17. Qd2 Rxf3 18. Bxc5 Qxc3 19. Qxc3 Rxc3 $17) 16... Nxd4 17. Qxd4 {aiming
for g3.} Rxf4 $1 18. Nc6 $1 ({And not} 18. Qxf4 Qxc3+ 19. Ke2 Bf6 $17) 18...
Bc5 19. Qe5 $1 (19. Nxa5 $2 {loses.} Bxd4 20. Ne2 {[#]} Rxf1+ $1 21. Rxf1 Bxa1
$19) 19... Bd6 20. Nxa5 ({White should play} 20. Qxg7+ $1 $14 Kxg7 21. Nxa5)
20... Bxe5 $15 21. Kd2 Rf2+ {Black has compensation.} 22. Kd3 Bf4 (22... Bd7
$15 23. Re1 Bf6) 23. Rd1 Bd7 24. Be2 {And now Rhf1 would win.} Rc8 25. Bg4 {
Threatens to win with Rhf1.} Be5 26. Ne2 Rxg2 27. h3 {[#]} h5 $1 28. Bf3 (28.
Bxh5 Rc5) 28... Rf2 ({Better is} 28... Bb5+ $11 29. c4 dxc4+ 30. Ke3 Rg5) 29.
Ke3 $14 Rxf3+ 30. Kxf3 Rxc2 31. Nb3 Ra2 {[#]} (31... Bf6 $16 {was called for.})
32. Ned4 $1 $18 Ba4 (32... Bd6 $16) 33. Rde1 Bf6 {White must now prevent ...e5.
} 34. Rxe6 Rxa3 35. Re3 ({Not} 35. Rxa6 Bxd4 36. Kf4 Bf6 $11) 35... Ra2 36.
Rhe1 Bd7 {[#]} 37. R3e2 $2 (37. Ne6 $1 $18) 37... Ra3 $14 {...Bxd4 is the
strong threat.} 38. Kg2 a5 39. Rd2 {Hoping for Ra1.} a4 40. Nc5 Bxh3+ 41. Kh2 {
Strongly threatening Nc2.} Bg4 42. Nb5 Rh3+ 43. Kg2 a3 44. Re8+ Kh7 $1 45. Ra8
Be5 46. Rxd5 Rh2+ 47. Kg1 Bf3 {( -> ...Bg3)} 48. Rxe5 Rh1+ (48... Rg2+ $5 49.
Kf1 $8 Bxa8 50. Nxa3 g5 $14) 49. Kf2 Bxa8 50. Nxa3 h4 51. Ne4 1/2-1/2

[Event "Aeroflot Open 2017"]
[Site "Moscow"]
[Date "2017.02.28"]
[Round "8"]
[White "Antipov, Mikhail Al"]
[Black "Vidit, Santosh Gujrathi"]
[Result "1/2-1/2"]
[WhiteElo "2582"]
[BlackElo "2673"]
[Annotator "TA"]
[PlyCount "110"]
[EventDate "2017.??.??"]

1. e4 c5 2. d3 Nc6 3. f4 {??.} d5 4. Be2 g6 5. Nf3 Bg7 6. c3 d4 7. O-O Nf6 8.
Ne5 dxc3 9. bxc3 O-O {[#]} (9... Nd4 $11 {keeps the balance.}) 10. Nxc6 $1 $16
bxc6 11. Qc2 Qa5 12. h3 Rd8 13. Be3 Ba6 14. g4 h5 (14... Nd7 $11) 15. g5 (15.
Nd2 $14) 15... Ne8 $11 16. Rc1 ({White should try} 16. Rf3 $11) 16... Qc7 $1
$15 17. Kg2 Qd7 18. Rd1 e5 19. fxe5 Bxe5 20. Nd2 Bxd3 21. Bxd3 Qxd3 22. Qxd3
Rxd3 23. Nc4 Rad8 (23... Rxc3 $17 24. Rac1 Rxc1 25. Rxc1 Bd4) 24. Rxd3 Rxd3 25.
Nxe5 Rxe3 {Endgame KRN-KRN} 26. Rd1 (26. Nxc6 $15 a6 27. Rd1) 26... Rxe4 $17
27. Nxc6 Re2+ 28. Kf3 Rxa2 (28... Rh2 $17 29. Kg3 Rc2) 29. Rd7 (29. Ne5 $1 $15)
29... Ra3 30. Ne5 (30. Ne7+ $15 Kg7 31. Nd5) 30... Rxc3+ 31. Kf2 f6 (31... Rxh3
$17 {Strongly threatening ...Rh2+.} 32. Rd8 Kf8) 32. gxf6 Nxf6 33. Rxa7 Ne4+
34. Ke2 g5 35. Ra4 Nd6 36. Ra6 Nf5 37. Kf2 Ng3 {White must now prevent ...Ne4+.
} 38. Ra4 Nf5 ({Black should play} 38... Kg7 $15 39. Nf3 Nf5 40. Ra7+ Kf6 41.
Ra6+ Ke7 42. Nxg5 Nd6) 39. Nf3 (39. Ra6 $11 {remains equal.}) 39... Rc2+ 40.
Ke1 Rg2 {[#] And now ...h4 would win.} 41. Rc4 g4 42. hxg4 {The position is
equal.} hxg4 43. Rxc5 Ne3 44. Nd4 Kf7 45. Nf5 Nxf5 46. Rxf5+ $11 {KR-KR} Kg6
47. Ra5 Rh2 48. Kf1 Rh5 49. Rxh5 Kxh5 {KP-K} 50. Kg2 Kh4 51. Kh2 g3+ 52. Kg2
Kg4 53. Kg1 Kh3 {( -> ...g2)} 54. Kh1 g2+ 55. Kg1 Kg3 $2 (55... Kh4 56. Kxg2)
1/2-1/2

[Event "Aeroflot Open 2017"]
[Site "Moscow"]
[Date "2017.02.28"]
[Round "8"]
[White "Karthikeyan, Murali"]
[Black "Narayanan, Srinath"]
[Result "1/2-1/2"]
[WhiteElo "2578"]
[BlackElo "2474"]
[Annotator "TA"]
[PlyCount "154"]
[EventDate "2017.??.??"]

1. e4 c5 2. Nf3 d6 3. d4 cxd4 4. Nxd4 Nf6 5. f3 Nc6 6. c4 e6 7. Nc3 Be7 8. Nc2
O-O 9. Be2 b6 10. O-O Bb7 {LiveBook: 4 Games} 11. Kh1 d5 12. cxd5 exd5 {
White has an edge.} 13. exd5 Nb4 14. Nxb4 Bxb4 15. Qb3 Qe7 {aiming for ...Bxc3.
} 16. Bd3 {next Bg5 is good for White.} h6 (16... Rfd8 $11 {remains equal.})
17. a3 (17. Bf4 $16) 17... Bxc3 $11 18. bxc3 Nxd5 19. c4 Nc7 20. Bb2 Ne6 21.
Rae1 Rfd8 22. Bb1 {Black must now prevent Qc2.} Qg5 23. Bc1 Qc5 24. Be3 Qc6 25.
Qc2 Nf8 26. Rc1 Rac8 27. Rfe1 Ba6 28. Ba2 Ne6 29. Qf5 Qd7 30. Bb1 {Threatens
to win with Qh7+.} Nf8 ({But not} 30... Rxc4 31. Qh7+ Kf8 {[#]} 32. Bxh6 $1
gxh6 33. Qxh6+ Ke8 34. Rxc4 Bxc4 35. Qh8+ Ke7 36. Qh4+ Kf8 37. Qxc4 $14) 31. c5
bxc5 32. Bxc5 Bd3 33. Qxd7 Rxd7 34. Ba2 $36 {White fights for an advantage.}
Rdc7 35. Be3 Ne6 36. h3 Bc2 37. Re2 Rc3 38. Bxe6 fxe6 39. Bxa7 Rxa3 40. Bd4 Rc4
({Better is} 40... Ra2 $14) 41. Bxg7 $1 $16 ({Don't take} 41. Rexc2 $6 Rxd4 42.
Re2 Rd6 $14) 41... Kxg7 42. Rcxc2 Rxc2 43. Rxc2 {Endgame KR-KR} Ra4 (43... e5
$16 44. Rc7+ Kg6 45. Rc6+ Kg5) 44. Rc5 $18 Kg6 45. Kh2 Ra2 46. Kg3 Re2 47. Rc4
Ra2 48. Rg4+ Kf7 49. Kh4 Ra5 50. Re4 Kf6 51. Re3 Rb5 52. g4 Ra5 53. Kg3 h5 54.
Kh4 hxg4 55. fxg4 ({Much less strong is} 55. hxg4 $6 e5 56. Rc3 Ra4 $16) 55...
Rb5 56. Kg3 Rb1 57. Rf3+ Kg6 58. Rf8 Rb3+ {[#]} 59. Kh4 $1 Re3 60. Rf4 Re5 61.
Kg3 Re3+ 62. Rf3 Re1 63. Kf4 e5+ 64. Kg3 e4 65. Ra3 e3 66. Kf4 (66. Ra6+ $18 {
and the rest is easy.} Kg7 67. Re6) 66... e2 $16 {And now ...Rf1+ would win.}
67. Kf3 Rh1 68. Kxe2 {Strongly threatening Kf2.} Rh2+ 69. Kd1 Rh1+ 70. Ke2 Rh2+
71. Ke1 Kg5 72. Ra5+ Kf4 73. Ra3 Kg5 74. Ra5+ Kf4 $1 {[#]} 75. Rh5 (75. Ra4+ $1
$16 Kg3 76. Ra3+ Kh4 77. Rf3) 75... Ke3 $1 $11 {The position is equal.} 76. Kd1
Kd3 $1 77. Ke1 {Kf1 is the strong threat.} Ke3 1/2-1/2

[Event "Aeroflot Open 2017"]
[Site "Moscow"]
[Date "2017.02.28"]
[Round "8"]
[White "Blomqvist, Erik"]
[Black "Bluebaum, Matthias"]
[Result "0-1"]
[WhiteElo "2573"]
[BlackElo "2632"]
[Annotator "TA"]
[PlyCount "88"]
[EventDate "2017.??.??"]

1. e4 c6 2. d4 d5 3. Nc3 dxe4 4. Nxe4 Bf5 5. Ng3 Bg6 6. Nh3 Nf6 7. Nf4 Nbd7 8.
h4 e5 9. dxe5 Qa5+ 10. c3 Qxe5+ 11. Qe2 {LiveBook: 3 Games} Bc5 12. Nxg6 hxg6
13. Bf4 {The position is equal.} Qxe2+ 14. Bxe2 O-O-O 15. Rd1 Rde8 16. Kf1 Ne5
17. Rh3 Nd5 18. Bc1 f5 19. Re1 Nf6 20. h5 (20. b4 $11 Bb6 21. c4) 20... Neg4
$36 {Black has good play.} 21. hxg6 Nh2+ 22. Rxh2 Rxh2 23. Bf3 {[#]} Ne4 $1 24.
Bxe4 fxe4 25. Rxe4 Rxe4 26. Nxe4 {Endgame KRB-KBN} Rh1+ 27. Ke2 Bxf2 28. Bf4
Bb6 29. Nd6+ (29. Ng3 $17 Rb1 30. Nf5) 29... Kd7 $19 30. Nxb7 Rg1 31. Kf3 Rf1+
32. Kg4 Rf2 33. g3 Ke6 ({Black should try} 33... Rxb2 $19 {And now ...Ke6
would win.} 34. a4 Bf2) 34. b4 (34. a4 $17 Rxb2 35. a5) 34... Rxa2 {...Rc2 is
the strong threat.} 35. c4 $2 {[#]} (35. Nd6 {only move.}) 35... Bd4 36. b5 $2
(36. Nd8+ Kd7 37. Nf7) 36... cxb5 37. cxb5 Kf6 38. Kf3 Kxg6 39. Ke4 Bf2 40. Nd6
Ra3 41. g4 Rb3 42. Be5 Rb4+ {Black is clearly winning.} 43. Kf3 (43. Kd5 $142)
43... Bd4 44. Bf4 Bc5 0-1

[Event "Aeroflot Open 2017"]
[Site "Moscow"]
[Date "2017.02.28"]
[Round "8"]
[White "Sandipan, Chanda"]
[Black "Kobalia, Mikhail"]
[Result "1-0"]
[WhiteElo "2573"]
[BlackElo "2628"]
[Annotator "TA"]
[PlyCount "63"]
[EventDate "2017.??.??"]

1. d4 d5 2. Nf3 Nf6 3. Bf4 {??.} c5 4. e3 Nc6 5. Nbd2 e6 6. c3 cxd4 7. exd4 Nh5
8. Be3 Bd6 9. Ne5 g6 (9... Bxe5 10. dxe5 (10. Qxh5 Bf6 $11) 10... g6 11. f4 $16
) 10. Be2 Ng7 $1 ({Of course not} 10... Nxe5 11. dxe5 Bxe5 12. Bxh5 gxh5 13.
Qxh5 $14) 11. f4 f6 12. Nd3 Nf5 13. Bf2 h5 14. Nf3 Qc7 15. Nh4 Nce7 16. Nxf5
Nxf5 17. g3 b6 18. Bf3 Bb7 19. Qe2 Qd7 20. O-O-O O-O-O 21. Kb1 Ba6 22. c4 (22.
Rhe1 $11) 22... Bc7 $2 (22... Bxc4 $17 {and life is bright. White must now
prevent ...Kb8.} 23. Rc1 Kb8 24. Rxc4 dxc4) 23. Rc1 {Threatens to win with Nb4.
} Nd6 {[#]} (23... dxc4 $2 24. Nb4 Bb5 {[#]} 25. a4 $1 $18) (23... Bxc4 $14 24.
Rxc4 dxc4) 24. b3 $1 $18 dxc4 (24... Nf5 $142 25. Nb4 Bb7) 25. Nb4 Bb7 26.
Bxb7+ ({Don't do} 26. bxc4 $6 f5 $14) 26... Nxb7 $2 (26... Kxb7 27. Qf3+ Kc8)
27. Rxc4 ({But not} 27. Qxc4 Na5 28. Qd3 Qd6 $18) 27... b5 $2 (27... Nd6 28.
Rc6 a5) 28. Rc2 {White is clearly winning.} Rh7 29. Rhc1 Qd6 30. Qxb5 Qb6 31.
Qxb6 axb6 32. Na6 1-0

[Event "Aeroflot Open 2017"]
[Site "Moscow"]
[Date "2017.02.28"]
[Round "8"]
[White "Gordievsky, Dmitry"]
[Black "Van Foreest, Jorden"]
[Result "1/2-1/2"]
[WhiteElo "2564"]
[BlackElo "2584"]
[Annotator "TA"]
[PlyCount "50"]
[EventDate "2017.??.??"]

1. c4 c6 2. Nc3 d5 3. e3 Nf6 4. Nf3 g6 5. d4 Bg7 6. Bd3 O-O 7. O-O dxc4 8. Bxc4
Nbd7 9. Bb3 {LiveBook: 6 Games} Qc7 10. Bd2 e5 11. Rc1 exd4 12. exd4 Qd6 13.
Bg5 Nb6 14. Re1 Bg4 15. h3 Bxf3 16. Qxf3 Rae8 17. Bf4 Qd8 ({Of course not} 
17... Qxd4 $6 18. Red1 Qc5 19. Nd5 $16) 18. Be5 Nfd5 19. Re2 Re7 20. Ne4 Bxe5
21. dxe5 Nd7 22. Bxd5 cxd5 23. Nf6+ Nxf6 24. Qxf6 Rfe8 25. Rd1 Re6 1/2-1/2

[Event "Aeroflot Open 2017"]
[Site "Moscow"]
[Date "2017.02.28"]
[Round "8"]
[White "Grigoriants, Sergey"]
[Black "Kulaots, Kaido"]
[Result "0-1"]
[WhiteElo "2564"]
[BlackElo "2590"]
[Annotator "TA"]
[PlyCount "68"]
[EventDate "2017.??.??"]

1. e4 c5 2. Nf3 d6 3. d4 Nf6 4. Nc3 cxd4 5. Nxd4 Nc6 6. Bg5 e6 7. Qd2 a6 8.
O-O-O Bd7 9. f4 b5 10. Bxf6 gxf6 11. Kb1 Qb6 12. Nce2 Rc8 13. g3 Na5 14. b3 {
LiveBook: 9 Games} b4 15. Bg2 Nc6 16. Rhe1 {The position is equal.} Na7 (16...
h5 $11) 17. c4 bxc3 $1 18. Nxc3 Be7 19. Re3 Qb4 20. Qb2 Nb5 21. Ncxb5 axb5 22.
f5 O-O 23. Bh3 e5 $1 24. Nc2 Qc5 25. Bf1 Qa7 {And now ...Rxc2! would win.} 26.
Red3 {[#]} (26. Ree1 $11 {keeps the balance.}) 26... d5 $1 $17 27. g4 (27. Ne3
$17 d4 28. Nd5) (27. Rxd5 Bc6) 27... d4 $19 28. Rh3 (28. Ne1 $17) 28... Rc7 29.
Bd3 Rc3 30. Ne1 (30. Re1 $142) 30... Ra8 31. Bf1 Bc6 32. Bd3 $2 (32. Rxc3 dxc3
33. Qc2) 32... Ba3 {Black is clearly winning.} 33. Qe2 {[#]} Rxb3+ $1 34. axb3
Bb4 0-1

[Event "Aeroflot Open 2017"]
[Site "Moscow"]
[Date "2017.02.28"]
[Round "8"]
[White "Vakhidov, Jahongir"]
[Black "Lorparizangeneh, Shahin"]
[Result "0-1"]
[WhiteElo "2561"]
[BlackElo "2519"]
[Annotator "TA"]
[PlyCount "104"]
[EventDate "2017.??.??"]

1. c4 e5 2. g3 c6 3. Nf3 {??.} d6 4. Nc3 f5 5. Bg2 Nf6 6. O-O Be7 7. b3 O-O 8.
e3 e4 9. Nd4 d5 10. cxd5 cxd5 11. Bb2 Na6 12. Nce2 Nc5 13. Bc3 Bd7 14. b4 Nd3
15. Nf4 Nxf4 ({Much weaker is} 15... Nxb4 $6 16. a3 Na6 17. Nde6 Bxe6 18. Nxe6
$16) ({But not} 15... Bxb4 $6 16. Nxd3 Bxc3 17. dxc3 $16) 16. gxf4 Qe8 17. a4
h6 18. Bh3 g6 19. Kh1 Kh7 20. Rg1 Bd6 21. Rg2 Rc8 22. Qb3 Rc4 23. Rag1 Ng4 $1
24. b5 Rg8 25. Ba1 ({Reject} 25. Bxg4 fxg4 26. Rd1 Qe7 $17) 25... Qe7 $36 {
Black has good play.} 26. Qd1 a6 27. Bc3 a5 ({Black should try} 27... axb5 $15
28. Nxb5 Bb4) 28. Ne2 Bb4 29. Bd4 h5 30. Ba1 Rgc8 31. Rf1 Qh4 32. Rg3 Be6 33.
Kg1 Qe7 34. Bg2 Bg8 35. Rh3 Qc7 36. Bb2 Rc2 37. Bc3 $1 Ra2 38. Bxb4 $2 {[#]} (
38. Nc1 $11 Bxc3 39. Nxa2) 38... axb4 $19 39. Nd4 Qc4 40. Nxf5 gxf5 41. Rxh5+
Nh6 {[#] aiming for ...Qc2.} 42. Bh3 Rf8 (42... Be6 $19 43. Rg5 Qc7) 43. Rg5 $2
({White must play} 43. Kh1 $1 $15 Be6 44. Rg5) 43... Rf6 44. Kh1 $2 (44. Qh5
Be6 45. a5) 44... Bf7 {Black is clearly winning.} 45. Rfg1 d4 46. Qe1 {
intending f3!} Bg6 47. f3 (47. Bf1 $142 d3 48. f3 exf3 49. h3) 47... exf3 48.
Qg3 Qd5 49. Bf1 Ra1 {White must now prevent ...f2+.} 50. Qf2 dxe3 51. dxe3 b3
52. h4 b2 0-1

[Event "Aeroflot Open 2017"]
[Site "Moscow"]
[Date "2017.02.28"]
[Round "8"]
[White "Petrosyan, Manuel"]
[Black "Maghsoodloo, Parham"]
[Result "1/2-1/2"]
[WhiteElo "2549"]
[BlackElo "2575"]
[Annotator "TA"]
[PlyCount "79"]
[EventDate "2017.??.??"]

1. Nf3 f5 2. g3 Nf6 3. Bg2 e6 4. O-O d5 5. c4 Be7 6. b3 O-O 7. Bb2 a5 8. Nc3 c6
{LiveBook: 6 Games} 9. Re1 Nbd7 10. Qc2 Nc5 {White is slightly better.} 11. d3
a4 12. b4 a3 13. Bc1 (13. bxc5 axb2 14. Rab1 Bxc5 $15) 13... Na6 14. b5 ({
Of course not} 14. Bxa3 Nxb4 15. Bxb4 Bxb4 $15) 14... Nc5 15. Be3 Ng4 16. Bxc5
$1 Bxc5 17. d4 Bd6 18. Rab1 Bd7 19. c5 Bc7 20. h3 Nf6 21. b6 Bb8 22. Ne5 Bxe5
23. dxe5 Ne4 $1 24. Nxe4 fxe4 25. f4 exf3 26. exf3 Qe7 27. Qc3 Ra4 {
Threatening ...Rc4.} 28. Rb4 Ra5 29. Rc1 Rfa8 30. f4 Be8 {The position is
equal.} 31. Qe3 Bg6 32. Rc3 h6 33. Kh2 Ra4 34. Qd4 R4a5 35. Bf3 Bf5 36. h4 Kh8
37. h5 Rd8 38. Rbb3 Rda8 39. Kg2 Bh7 40. Rb4 1/2-1/2

[Event "Aeroflot Open 2017"]
[Site "Moscow"]
[Date "2017.02.28"]
[Round "8"]
[White "Ramirez, Alejandro"]
[Black "Buhmann, Rainer"]
[Result "1-0"]
[WhiteElo "2549"]
[BlackElo "2625"]
[Annotator "TA"]
[PlyCount "65"]
[EventDate "2017.??.??"]

1. e4 e5 2. Nf3 Nc6 3. Bb5 a6 4. Ba4 Nf6 5. O-O Be7 6. d3 d6 7. c3 O-O 8. Re1
Nd7 9. d4 exd4 10. cxd4 Nb6 {LiveBook: 8 Games} 11. Bxc6 bxc6 12. Qc2 Bd7 {
White is slightly better.} 13. Nc3 a5 14. h3 a4 15. Be3 Re8 16. Rad1 Qc8 17.
Ne2 Bf8 18. Ng3 d5 (18... Qa6 $11) 19. e5 $1 $14 h6 20. Bc1 ({Better is} 20.
Nd2 $14) 20... Ra5 ({Black should play} 20... Nc4 $11) 21. Nh4 c5 22. Bxh6 cxd4
$2 {[#]} (22... Nc4 $14) 23. Nh5 $1 $18 Nc4 $2 (23... Re6 24. Bxg7 Bxg7) 24.
Qd3 (24. Rxd4 Nxe5 25. Bxg7 Bxg7 $14) 24... Nxe5 {[#]} 25. Qg3 $1 ({Inferior is
} 25. Qxd4 Nc6 26. Qf4 d4 27. Nxg7 Bxg7 $17) 25... Ng6 $2 {[#]} (25... Ng4) 26.
Nf6+ $1 gxf6 27. Nxg6 fxg6 28. Qxg6+ Kh8 29. Qxf6+ Kg8 30. Qg5+ Kf7 31. Qf4+
Kg6 $2 (31... Bf5) 32. Rxe8 Qxe8 33. Bxf8 1-0

[Event "Aeroflot Open 2017"]
[Site "Moscow"]
[Date "2017.02.28"]
[Round "8"]
[White "Swapnil, S  Dhopade"]
[Black "Lalith Babu M R"]
[Result "1-0"]
[WhiteElo "2534"]
[BlackElo "2584"]
[Annotator "TA"]
[PlyCount "132"]
[EventDate "2017.??.??"]

1. d4 Nf6 2. c4 d6 3. Nc3 e5 4. Nf3 e4 5. Nd2 Qe7 6. Qc2 Bf5 7. f3 c5 8. fxe4
cxd4 9. exf5 {aiming for Nd5.} dxc3 10. Qxc3 (10. bxc3 $14 g6 11. g3) 10... g6
11. fxg6 hxg6 12. Nf3 Bg7 13. Qe3 Ne4 14. Ng5 $36 {White is more active.} d5 (
14... Nc5 $14) 15. cxd5 $16 Qb4+ 16. Kd1 $1 Rh4 {White must now prevent ...Bh6.
} 17. g3 Rg4 18. Nxe4 (18. a3 $142 $1 Qe7 19. Nf3) 18... Rxe4 19. Bd2 {Qd3 is
the strong threat.} Qe7 (19... Bxb2 $2 20. Bxb4 Rxe3 21. Rb1 $18) (19... Qa4+
$16 20. b3 Rxe3 21. bxa4 Ra3) 20. Qb3 $1 $18 {And now Bg2 would win.} Nd7 21.
Bg2 {Strongly threatening d6.} (21. Qxb7 $6 Rb8 22. d6 Rxb7 $11) 21... Rxe2 22.
Bf3 Rf2 23. d6 (23. Rc1 $16) 23... Qe6 (23... Nc5 $1 $11 24. Qd5 Qf6 25. Re1+
Kf8) 24. Qxe6+ $1 $16 ({Much worse is} 24. Qxb7 $6 Rd8 25. Qd5 Qxd5 26. Bxd5
Ne5 $11) 24... fxe6 {[#]} 25. Be4 $1 Ne5 26. Ke1 Rf7 27. Ke2 Kd7 28. Bc3 ({
Don't take} 28. Bxb7 $6 Rb8 $16) (28. Rac1 $18 {is more deadly.}) 28... Raf8 (
28... Ng4 $16) 29. Rhf1 b6 30. h4 a5 (30... Rxf1 {was worth a try.} 31. Rxf1
Rg8) 31. Rxf7+ $18 Rxf7 32. Rf1 Rxf1 33. Kxf1 {Endgame KBB-KBN} g5 34. hxg5
Kxd6 35. a4 Ke7 36. Ke2 Kf8 37. Bd4 Nc4 38. Bf2 Bxb2 39. Bd3 Ne5 {and the idea
...Nd7 leaves Black hopeful.} 40. Bxb6 Bc3 ({Not} 40... Nxd3 $2 41. Kxd3 Be5
42. Bxa5 $18) 41. Be4 Kf7 42. Bc7 Ke7 43. Bc2 Kd7 44. Bb6 Ke7 45. Bc5+ Kf7 46.
Ke3 Be1 47. Ke4 Nc6 48. Bd6 Kg6 (48... Bd2 $142 49. Bf4 Bc3) 49. Kf4+ Kf7 50.
Be4 Ne7 51. Kg4 Bc3 52. Kh5 Nd5 $2 (52... Nc8) 53. g6+ Kg7 {[#]} 54. Bxd5 $1
exd5 {KB-KB} 55. Kg5 d4 56. Be5+ Kg8 57. Kf4 {White mates.} Bb2 58. Kf3 Kf8 59.
Bf6 Kg8 60. Kf2 Bc3 61. g4 Kf8 62. Kf3 Bb2 63. g5 Bc1 64. Ke4 Be3 65. Bxd4 Bxg5
66. Bc3 Bd8 1-0

[Event "Aeroflot Open 2017"]
[Site "Moscow"]
[Date "2017.02.28"]
[Round "8"]
[White "Kuybokarov, Temur"]
[Black "Gupta, Abhijeet"]
[Result "1/2-1/2"]
[WhiteElo "2491"]
[BlackElo "2645"]
[Annotator "TA"]
[PlyCount "170"]
[EventDate "2017.??.??"]

1. e4 e6 2. d4 d5 3. Nd2 c5 4. exd5 Qxd5 5. Ngf3 cxd4 6. Bc4 Qd7 7. O-O Nc6 8.
Nb3 Nf6 9. Nbxd4 Nxd4 10. Nxd4 a6 11. Re1 b5 {LiveBook: 13 Games} 12. Be2 Bb7
13. Bf3 Rd8 14. Bxb7 Qxb7 15. Qf3 Qxf3 16. Nxf3 Rc8 17. c3 Nd5 18. Ne5 f6 19.
Nd3 Kf7 20. Nf4 Nc7 21. Nd3 Be7 22. a4 Rhd8 23. Rd1 Nd5 24. axb5 axb5 25. Bd2
Nb6 26. Be1 e5 27. f3 Na4 28. Kf1 Ke6 29. Rac1 h5 30. h4 Nb6 31. Ke2 Nd5 32.
Ra1 Ra8 33. Bf2 Rdc8 34. Rxa8 Rxa8 35. Nc5+ Bxc5 36. Bxc5 $15 {Endgame KRB-KRN}
Ra2 37. Rd2 Nf4+ 38. Kd1 Ra4 39. Rd6+ Kf5 40. g3 Ne6 41. Bb4 {[#] Strongly
threatening g4+!} Nd4 $1 42. cxd4 Rxb4 43. dxe5 Kxe5 $11 {KR-KR} 44. Rc6 $1
Rxb2 {Threatens to win with ...Kd4.} 45. Rc5+ {The position is equal.} Kd4 46.
Rxh5 b4 47. Rh7 Kd3 48. Kc1 Rc2+ 49. Kb1 Rg2 50. Rxg7 Kc3 51. Rc7+ Kb3 52. Rc1
Rxg3 53. Rh1 $1 Rg6 54. h5 Rh6 55. Kc1 Kc3 56. Rh3 f5 {aiming for ...f4.} 57.
f4+ Kd4 58. Kd2 Ke4 59. Ke2 Rh7 60. Rb3 Rb7 61. h6 Kxf4 62. Kf2 Kg4 {[#]} (
62... Kg5 $5 63. h7 $8 Rxh7 64. Rxb4 Rh3 $11) 63. h7 $1 Rxh7 64. Rxb4+ f4 65.
Kg2 Re7 66. Rb2 Re3 67. Ra2 Rg3+ 68. Kf2 Rh3 69. Ra4 Rh2+ 70. Kg1 $1 Re2 (70...
Rb2 $5 71. Ra3 $8 Kf5 $11) 71. Kf1 Re3 {Threatening ...Kg3.} 72. Kf2 Rf3+ 73.
Kg2 $1 Rb3 {White must now prevent ...Rb2+.} 74. Ra2 Rc3 75. Kf2 Rh3 76. Ra4
Rh2+ 77. Kg1 $1 Re2 {And now ...Kg3 would win.} (77... Rc2 $5 78. Ra3 $8 Rb2
$11) 78. Kf1 $1 Re3 {next ...Kg3 is good for Black.} 79. Kf2 Rf3+ 80. Kg2 Rc3
81. Ra2 Rd3 {With the idea ...Rc3.} 82. Kf2 Rd8 83. Kg2 Re8 84. Kf2 $1 Rh8 {
( -> ...Rh2+)} 85. Ra4 Rh2+ 1/2-1/2

[Event "Aeroflot Open 2017"]
[Site "Moscow"]
[Date "2017.02.28"]
[Round "8"]
[White "Moskalenko, Alexander"]
[Black "Predke, Alexandr"]
[Result "1-0"]
[WhiteElo "2488"]
[BlackElo "2573"]
[Annotator "TA"]
[PlyCount "95"]
[EventDate "2017.??.??"]

1. d4 Nf6 2. Nf3 b6 3. e3 Bb7 4. Bd3 g6 5. c4 Bg7 6. Nc3 O-O 7. e4 d6 8. O-O
Nbd7 {LiveBook: 6 Games} 9. Re1 c5 10. d5 e6 {White is slightly better.} 11.
Bf4 e5 12. Bg5 h6 13. Bd2 Kh8 14. g3 Ng8 15. Nh4 h5 (15... Ndf6 $16) 16. Nb5 ({
White should play} 16. Nf5 $1 $18) 16... Ndf6 $16 17. b4 (17. Qc1 $16) 17... a6
$11 18. bxc5 axb5 19. c6 Bc8 (19... Bxc6 $1 $11 20. dxc6 b4) 20. cxb5 $16 Bh6
21. Bc3 Nh7 22. Bf1 g5 23. Nf5 Bxf5 $1 24. exf5 g4 25. a4 {White has
compensation.} Ng5 {aiming for ...Nf3+.} 26. Bg2 Nf6 27. Qd3 Re8 28. Qc4 (28.
Reb1 $16) 28... Qc7 29. Ra2 Ra7 (29... Kg8 $14) 30. Rd1 (30. Rea1 $16) 30...
Kh7 $14 31. Qb4 Nf3+ 32. Bxf3 gxf3 33. a5 Qc8 34. Qb1 $1 e4 $1 35. Bxf6 {
Strongly threatening Kh1.} ({But not} 35. axb6 $2 Rxa2 36. Qxa2 Qxf5 $19) 35...
Qxf5 36. Rd4 $2 (36. Kh1 $1 $11 Qxf6 37. axb6 Rxa2 38. Qxa2) 36... Qxf6 $19 37.
Rxe4 {[#]} Rxe4 $2 (37... Qf5 $1 $19 {avoids the disaster.} 38. Re1 Rxe1+ 39.
Qxe1 Re7) 38. Qxe4+ $18 Kg7 39. Ra3 Rxa5 {( -> ...Qa1+!)} 40. Rxf3 Qa1+ 41. Kg2
Ra7 {[#]} (41... Qd1 $142) 42. Qf5 $2 (42. Qc4 $1 $18 {and the rest is easy.
Threatens to win with c7.} Rc7 43. Qh4) 42... Qb2 $2 (42... Qd4 $16) 43. Qxh5
Qxb5 $2 (43... Qd4 44. Qf5 Rc7) 44. Qg4+ {White is clearly winning.} Kh8 45.
Qc8+ Kg7 46. c7 Qc4 47. Rxf7+ (47. Qd7 $142 Kh8 48. c8=Q+ Qxc8 49. Qxc8+ Kg7
50. Qd8) 47... Kxf7 48. Qe6+ 1-0

[Event "Aeroflot Open 2017"]
[Site "Moscow"]
[Date "2017.03.01"]
[Round "9"]
[White "Yu, Yangyi"]
[Black "Najer, Evgeniy"]
[Result "1/2-1/2"]
[WhiteElo "2738"]
[BlackElo "2659"]
[Annotator "TA"]
[PlyCount "80"]
[EventDate "2017.??.??"]

1. e4 e5 2. Nf3 Nc6 3. Bb5 a6 4. Ba4 Nf6 5. O-O Nxe4 6. d4 b5 7. Bb3 d5 8. dxe5
Be6 9. Be3 Be7 10. c3 O-O 11. Nbd2 Nxd2 12. Qxd2 Na5 {LiveBook: 13 Games} 13.
Bg5 Nc4 14. Bxc4 bxc4 15. b4 cxb3 16. axb3 a5 17. Ra4 Bxg5 18. Nxg5 h6 19. Nxe6
fxe6 20. Rfa1 Rb8 $1 21. R1a3 c5 22. h3 Qc7 {Strongly threatening ...c4.} 23.
f4 Rb5 24. Kh2 Qb6 25. Qd1 Qc6 26. Ra2 Kh8 27. Qg4 Rxb3 (27... c4 $11 28. bxc4
dxc4) 28. Rxa5 $16 d4 ({Don't take} 28... Rxc3 $2 29. Ra7 Rg8 30. R2a6 $18) 29.
Ra7 Rb7 {[#]} 30. cxd4 $1 cxd4 31. Qg6 (31. Ra8 $16 Rbf7 32. Rxf8+ Rxf8 33. Ra7
) 31... Rxa7 $11 32. Rxa7 {Endgame KQR-KQR} Rg8 33. Re7 Qc1 34. Rf7 Qc6 35. Ra7
Qc1 36. Rf7 Qc6 37. Re7 Qc1 {The position is equal.} 38. Rxe6 Qxf4+ 39. Qg3 Qf5
40. Rd6 Re8 1/2-1/2

[Event "Aeroflot Open 2017"]
[Site "Moscow"]
[Date "2017.03.01"]
[Round "9"]
[White "Vitiugov, Nikita"]
[Black "Fedoseev, Vladimir"]
[Result "1/2-1/2"]
[WhiteElo "2724"]
[BlackElo "2658"]
[Annotator "TA"]
[PlyCount "39"]
[EventDate "2017.??.??"]

1. d4 d5 2. c4 c6 3. Nf3 Nf6 4. Nc3 e6 5. g3 Nbd7 6. Bg2 Be7 7. Qd3 b6 8. O-O
Ba6 9. b3 O-O 10. Rd1 Rc8 11. e4 dxe4 12. Nxe4 b5 {LiveBook: 3 Games} 13. Ned2
bxc4 {The position is equal.} 14. Nxc4 c5 15. Bb2 cxd4 16. Nxd4 {With the idea
Nc6.} Ne5 17. Qe3 Nxc4 18. bxc4 {[#] Strongly threatening Nxe6.} Qb6 19. Rab1
$1 {And now Ba3 would win.} Rxc4 ({But not} 19... Bxc4 $2 20. Ba3 Qc7 21. Rb7
$18) 20. Ba3 1/2-1/2